00681 2200193 4500001002100000005001700021008004100038035002500079040001200104082001700116084002700133100005100160245013800211260005200349300002500401500001000426650003900436850001200475INLIS00000000001554420151104132013.0  a0010-111500000000157 aYOPDYOG a328.95982271 aDEP 328.95982271 Yog P aYOGYAKARTA. Dewan Perwakilan Rakyat Daerah DIY aProduk Dewan Perwakilan Rakyat Daerah Provinsi DIY caturwulan ke II tahun 2011 ; Himpunan Keputusan Pimpinan DPRD Daerah Provinsi DIY aYogyakartabSekretariat DPRD Provinsi DIYc2011 avi, 94 hlm.c; 21 cm a2 eks aDewan Perwakilan Rakyat Daerah DIY aYOPDYOG